000 00267nam a2200109Ia 4500
008 190912s9999||||xx |||||||||||||| ||und||
100 _a Sawyer, Hutchinson
245 0 _aUsing Information Technology
260 _aUSA
_bMcGraw-Hill
_c2001
300 _a610
942 _cBK
999 _c7787
_d7787